Design Of Machine Elements (Record no. 322377)

MARC details
000 -LEADER
fixed length control field 00455nam a2200169Ia 4500
008 - FIXED-LENGTH DATA ELEMENTS--GENERAL INFORMATION
fixed length control field 230718s9999 xx 000 0 und d
041 ## - LANGUAGE CODE
Language code of text/sound track or separate title eng
082 ## - DEWEY DECIMAL CLASSIFICATION NUMBER
Classification number 621.81
Item number PAT
100 ## - MAIN ENTRY--PERSONAL NAME
Personal name Patil R.B.
245 ## - TITLE STATEMENT
Title Design Of Machine Elements
250 ## - EDITION STATEMENT
Edition statement 3rd ed.
260 ## - PUBLICATION, DISTRIBUTION, ETC. (IMPRINT)
Date of publication, distribution, etc. 2009
Name of publisher, distributor, etc. Tech-Max Publications
300 ## - PHYSICAL DESCRIPTION
Extent 673
Accompanying material [OBSOLETE, CAN/MARC] Ref 66 M (33584)
365 ## - TRADE PRICE
Currency code Rs.
Price amount 495.00
700 ## - ADDED ENTRY--PERSONAL NAME
Personal name Patil R.B.
906 ## - LOCAL DATA ELEMENT F, LDF (RLIN)
d O:0025209-Sep-2009B:217427-Jul-2009
c MECH
b 74.25
Holdings
Withdrawn status Lost status Source of classification or shelving scheme Reference No Damaged status Not for loan Home library Current library Date acquired Vendor Budget Code Cost, normal purchase price Bill number Full call number Barcode Date last seen Discount Cost, replacement price Bill Date Koha item type Original Barcode
    Dewey Decimal Classification Ref 65 M (33584)   Reference Cummins College of Engineering for Women Pune Cummins College of Engineering for Women Pune 09/09/2009 Om Book Stall MECH 420.75 2174 621.81 CCEP-BK-33584 18/07/2023 74.25 495.00 27/07/2009 Books 033584